Statistiques concernant Box office 2008 par images restreintes

Cliquez ici pour prendre le quiz!

Statistiques générales

  • Ce quiz a été pris 200 fois
  • Le résultat moyen est 9 sur 12

Statistiques - réponses

Réponse% Correct
Madagascar 2 : La Grande Évasion
97%
Astérix aux Jeux olympiques
96%
Kung Fu Panda
96%
WALL-E
94%
Indiana Jones et le Royaume du crâne de cristal
91%
The Dark Knight : Le Chevalier noir
90%
Bienvenue chez les Ch'tis
82%
Quantum of Solace
82%
Hancock
42%
Disco
35%
Le Monde de Narnia Chapitre 2 : Le Prince Caspian
35%
Mesrine : L'Instinct de mort
21%

Distribution des résultats

Percentile par nombre de réponses

% des personnes avec chaque résultat

Votre développement - résultats

Vous n’avez pas pris ce quiz